| 000 | 00441nam a2200145Ia 4500 | ||
|---|---|---|---|
| 008 | 191108s9999 xx 000 0 und d | ||
| 020 | _a978-0-8144-8065-5 | ||
| 100 | _aSandler, Len | ||
| 245 |
_cLen Sandler _aBecoming an extraordinary manager: _bThe 5 Essentials for success / |
||
| 260 |
_aNew York: _bAMACOM Books _c2008 |
||
| 300 | _a240 pages : | ||
| 500 | _aIncludes index. | ||
| 650 | _aManagement | ||
| 650 | _aPersonnel management. | ||
| 999 |
_c362498 _d362498 |
||